000
00343 a2200169 4500
001
189087
020
_a
978-85-249-1691-5
040
_c
Magnum
100
_a
Ponty, Eric
240
1
0
_a
A baleia-azul
_l
por
245
1
0
_a
A baleia-azul
300
_a
16
362
0
_a
2011
440
1
_a
Cortez
697
_a
LITERATURA INFANTO
942
_c
BK
999
_c
189087
_d
189087